000 00647nam a2200205 i 4500
001 103748
003 ES-MaACL
005 20230906183434.0
007 t|
008 051117s1955 sp ||||1| spa d
100 1 _aMerton, Thomas.
_980619
245 1 3 _aEl signo de Jonás /
_cThomas Merton; [versión española de Julio Fernández-Yañez].
260 _aBarcelona :
_bExito,
_c1955.
300 _a316 p. ;
_c20 cm.
490 1 _aSelecciones del Círculo Literario
700 1 _aFernández-Yáñez, Julio.
_950195
830 0 _aSelecciones del Círculo Literario
_9187317
852 _aES-MaACL
_jC-9677
_bR.37673
999 _c103748
_d103748